| LEADER |
01170nam0a2200229 450 |
| 001 |
16850511 |
| 010 |
|
|
|a 978-2-302-07760-7
|b rel.
|d 10,95
|
| 100 |
|
|
|a 20191210d2026 u u0frey01 ba
|
| 101 |
0 |
|
|a fre
|
| 102 |
|
|
|a FR
|
| 200 |
0 |
|
|a Coupable !
|f scénario, Audrey Alwett
|g dessin, Nora Moretti - couleurs, Marina Duclos
|
| 207 |
|
1 |
|a
|
| 210 |
|
|
|a Toulon
|c Soleil
|d DL 2019
|
| 215 |
|
|
|a 1 vol. (46 p.-1 pl. d'autocollants)
|c ill. en coul.
|d 30 cm
|
| 225 |
1 |
|
|a Princesse Sara
|v 12
|
| 330 |
|
|
|a Sara et James vivent dans la clandestinité à New York. James a survécu mais a perdu un bras. Ils survivent tant bien que mal dans le bidonville de Fivepoints, mais l'étau se resserre et la fuite n'est pas une solution durable. Bientôt, Sara devra se retourner et faire face à ses accusateurs. Elle qui a déjà tout perdu risque bien de devoir miser sur la dernière chose qui lui reste...
|
| 461 |
|
0 |
|t Princesse Sara
|v 12
|
| 700 |
|
0 |
|a Alwett
|b Audrey
|f 1982-....
|4 70
|
| 702 |
|
0 |
|a Moretti
|b Nora
|f 1980-....
|4 440
|
| 900 |
|
|
|a Bande Dessinée (enfants)
|
| 901 |
|
|
|a Jeunesse
|
| 995 |
|
|
|a Médiathèque
|c Médiathèque
|f 089017121
|h 089017121
|k BD PRI 12
|o p
|q j
|r az
|e Médiathèque
|